[Event "45th FIDE Chess Olympiad Open"]
[Site "Budapest, Hungary"]
[Date "2024.09.11"]
[Round "1.39"]
[White "Idani, Pouya"]
[Black "Ang, Ern Jie Anderson"]
[Result "1-0"]
[WhiteElo "2599"]
[BlackElo "2132"]
[PlyCount "75"]
[EventDate "2024.??.??"]
[WhiteTeam "Iran"]
[BlackTeam "Malaysia"]
[WhiteTeamCountry "IRI"]
[BlackTeamCountry "MAS"]
[WhiteClock "0:34:20"]
[BlackClock "0:03:23"]

1. e4 e5 2. Nf3 Nc6 3. Bb5 a6 4. Ba4 Nf6 5. d3 b5 6. Bb3 Be7 7. a4 b4 8. a5 d6 9. O-O O-O 10. Nbd2 Rb8 11. Nc4 Be6 12. h3 h6 ({RR} 12... Re8 13. Ng5 Nd4 14. Nxe6 Nxe6 15. Be3 c5 16. Nb6 Rf8 17. Bc4 Nc7 18. Qf3 Nd7 19. Nxd7 Qxd7 20. Qg3 Kh8 21. f4 exf4 22. Bxf4 Rbd8 23. Rf3 Bf6 24. e5 dxe5 25. Bxe5 Nd5 26. Bxa6 Bxe5 27. Qxe5 {Rodriguez Dominguez,M (2011)-Montejo Bello,L (1985) Pinar del Rio CUB 2024 1-0 (36)}) 13. Re1 ({RR} 13. Be3 Qc8 14. Qe2 Rd8 15. Rfd1 Bf8 16. Nfd2 d5 17. exd5 Bxd5 18. Ba4 Qe6 19. Re1 Ne7 20. Qf1 Ng6 21. f3 Nd7 22. c3 Nc5 23. Bc2 Qc6 24. Bf2 b3 25. Bb1 Re8 26. Ne3 Nf4 27. d4 exd4 {Morozevich,A (2719)-Saric,I (2666) Poikovsky 2014 ½-½ (71)}) 13... Qc8 14. Be3 Qb7 15. Nfd2 $146 ({RR} 15. Qe2 Nd7 16. Nh2 Bg5 17. Bxg5 Nd4 18. Qh5 hxg5 19. Qxg5 Nc5 20. Ng4 Bxg4 21. Qxg4 Ncxb3 22. cxb3 f5 23. Qd1 f4 24. Nd2 f3 25. Nxf3 Rxf3 26. gxf3 Rf8 27. f4 Rxf4 28. Re3 c5 29. Qh5 Qe7 {Naiditsch,A (2702)-Panchanathan,M (2481) Douglas 2017 1-0 (62)}) 15... d5 16. exd5 Bxd5 17. f3 Rfd8 18. Bf2 Bd6 19. Ne4 Nxe4 20. fxe4 Be6 21. Rf1 Be7 22. Qh5 Bf8 23. Be3 Re8 24. Rf3 g6 25. Qh4 Nd4 26. Bxd4 exd4 27. Raf1 c5 28. Qg3 Qe7 29. Nb6 Qg5 30. Bxe6 fxe6 31. Qxg5 hxg5 32. Nd7 Bd6 33. Nf6+ Kg7 34. Nxe8+ Rxe8 35. Rf7+ Kh6 36. Ra7 g4 37. Rxa6 Be5 38. Rc6 1-0

[Event "45th FIDE Chess Olympiad Open"]
[Site "Budapest, Hungary"]
[Date "2024.09.11"]
[Round "1.40"]
[White "Kavin Mohan"]
[Black "Movahed, Sina"]
[Result "1/2-1/2"]
[WhiteElo "1997"]
[BlackElo "2528"]
[PlyCount "107"]
[EventDate "2024.??.??"]
[WhiteTeam "Malaysia"]
[BlackTeam "Iran"]
[WhiteTeamCountry "MAS"]
[BlackTeamCountry "IRI"]
[WhiteClock "0:21:04"]
[BlackClock "0:00:38"]

1. d4 {Ftacnik,Lubomir} Nf6 2. c4 g6 3. Nc3 Bg7 4. e4 d6 5. f4 O-O 6. Nf3 c5 7. d5 b5 8. cxb5 a6 9. Bd2 ({RR} 9. a4 Qa5 10. Bd2 Qb4 11. Qc2 c4 12. e5 dxe5 13. fxe5 Ng4 ({RR} 13... Bf5 14. Na2) 14. Nd1 Qc5 15. Qxc4) 9... Qb6 ({RR} 9... axb5 10. Bxb5 Qb6 11. a4 Ba6 12. O-O Bxb5 13. axb5 c4+ 14. Kh1 Rxa1 15. Qxa1 Ng4 16. Qe1 Nd7 17. h3 Bxc3 18. Bxc3 Ngf6 19. Nd4 Ra8 20. Qe2 Nc5 21. Nc6 Ncxe4 22. Bxf6 Ng3+ 23. Kh2 Nxe2 24. Bxe7 {Andersen,G (1815)-Rincon Carrillo,R (1948) Sitges 2015 0-1 (31)}) 10. a4 e6 $146 ({RR} 10... axb5 11. axb5 ({RR} 11. Bxb5 Ba6 12. Bxa6 Qxa6) 11... Rxa1 12. Qxa1 e6 13. dxe6 Bxe6 14. Ng5 ({RR} 14. Be2 Re8 15. O-O Bb3 ({RR} 15... Nbd7 16. Qa6) 16. e5) 14... Bb3 ({RR} 14... Re8 15. Nxe6 Rxe6 16. Qa8 Re8 17. Bc4 Nbd7 18. Qc6 Nxe4 19. Nxe4 Qxc6 20. bxc6 Rxe4+ 21. Kf2) 15. Be2 ({RR} 15. Qa3 c4) 15... Re8 16. e5 ({RR} 16. O-O h6 17. e5 dxe5 ({RR} 17... hxg5 18. exf6 Bxf6 19. Bf3) 18. fxe5 Rxe5) 16... dxe5 ({RR} 16... Nd5 17. Qa3) 17. O-O ({RR} 17. fxe5 Nfd7 ({RR} 17... Rxe5 18. O-O)) 17... exf4 18. Rxf4 ({RR} 18. Bxf4 Nd5) 18... h6 19. Nge4 Nd5 20. Nxd5 Bxd5 21. Bf3 Bxe4 ({RR} 21... g5 22. Rg4 h5 ({RR} 22... Nd7 23. Nxg5) ({RR} 22... Be6 23. Rg3 f5 24. Ba5 ({RR} 24. Nxg5 hxg5 25. Bxg5 c4+ 26. Kh1 Bf7) 24... Qxb5 25. Nd6 Bxb2 26. Qe1) ({RR} 22... f5 23. Nf6+ ({RR} 23. Nxg5 Bxf3 24. Qa2+ c4+) 23... Qxf6 24. Bxd5+ Kh8 25. Bc3) 23. Rxg5 Bxe4 24. Bxe4 Rxe4 25. Bc3 Rg4) 22. Rxe4 ({RR} 22. Bxe4 Be5 ({RR} 22... g5)) 22... Rxe4 23. Bxe4 Qxb5 ({RR} 23... c4+ 24. Kh1 Qd4 25. Qe1 ({RR} 25. Qa8 Qxd2 26. Qxb8+ Kh7) 25... Qxb2) 24. Bc3 Bxc3 25. bxc3 {Arencibia Rodriguez,W (2555)-Tal,M (2580) Manila 1990 CBM 019 [Ftacnik,Lubomir] 0-1 (36)}) ({RR} 10... axb5 11. Bxb5 Na6 12. O-O Nb4 13. Kh1 Ne8 14. f5 Nc7 15. Ng5 Nxb5 16. fxg6 hxg6 17. Nxb5 f6 18. Ne6 Bxe6 19. dxe6 Nd3 20. Bc3 Ne5 21. Bxe5 dxe5 22. Qg4 f5 23. Qxg6 Rf6 24. Qh5 Rxa4 25. Qe8+ {Kahn,E (2288)-Zimmerman,Y (2386) Budapest 2001 ½-½}) 11. Bc4 axb5 12. Bxb5 exd5 13. e5 Ne4 14. Nxd5 Qb7 15. Nc3 d5 16. O-O Na6 17. Be1 Nc7 18. Bd3 Ne6 19. Bxe4 dxe4 20. Nd2 Rd8 21. Ncxe4 Qxb2 22. Rb1 Qd4+ 23. Bf2 Qxa4 24. Qxa4 Rxa4 25. Bh4 Rf8 26. Be7 Re8 27. Rb8 Bd7 28. Rfb1 Ra8 29. Rxa8 Rxa8 30. Nxc5 Bc6 31. Nxe6 fxe6 32. Nc4 Bh6 33. g3 Re8 34. Bf6 Bf8 35. Nd6 Ra8 36. Rc1 Ra6 37. Rc2 h6 38. Kf2 Kh7 39. h3 Kg8 40. Rc3 Kh7 41. Ke3 Kg8 42. g4 Kh7 43. Rb3 Ra8 44. h4 Kg8 45. Rc3 Ra6 46. Kd4 Ra4+ 47. Ke3 Ra6 48. h5 gxh5 49. gxh5 Rb6 50. Nc8 Ra6 51. Nd6 Rb6 52. Kd4 Ra6 53. Rb3 Ra4+ 54. Ke3 1/2-1/2

[Event "45th FIDE Chess Olympiad Open"]
[Site "Budapest, Hungary"]
[Date "2024.09.11"]
[Round "1.41"]
[White "Eltigani, Omar"]
[Black "Wojtaszek, Radoslaw"]
[Result "0-1"]
[WhiteElo "2241"]
[BlackElo "2681"]
[PlyCount "76"]
[EventDate "2024.??.??"]
[WhiteTeam "Sudan"]
[BlackTeam "Poland"]
[WhiteTeamCountry "SUD"]
[BlackTeamCountry "POL"]
[WhiteClock "0:06:24"]
[BlackClock "0:14:31"]

1. d4 Nf6 2. Nc3 d5 3. Bf4 c5 4. e3 a6 5. dxc5 Qa5 6. Bxb8 Rxb8 7. Qd4 e6 8. b4 Qc7 9. Nf3 ({RR} 9. Na4 e5 10. Qb2 Be6 11. Nf3 Nd7 12. Be2 Be7 13. O-O O-O 14. Rfd1 f6 15. Nc3 Qc6 16. Qb3 d4 17. Bc4 Bxc4 18. Qxc4+ Kh8 19. exd4 exd4 20. Nxd4 Qc8 21. Nd5 Bd8 22. f4 h6 23. Qd3 f5 {Schleich,T (1938)-Schippel,G (2004) St Veit AUT 2024 1-0 (38)}) 9... b6 10. cxb6 Rxb6 11. a3 Bd6 $146 ({RR} 11... Rc6 12. Kd2 Rxc3 13. Bd3 Rc6 14. Rhc1 Bd6 15. Qb2 O-O 16. h3 e5 17. Be2 Ne4+ 18. Ke1 Nc3 19. Bf1 Re8 20. a4 d4 21. b5 axb5 22. Bxb5 Nxb5 23. axb5 Rb6 24. exd4 Qc4 25. d5 Rxb5 26. Nd2 {Ilic,I (2170)-Lukey,S (2290) Fiji 2007 0-1}) ({RR} 11... Rc6 12. Na2 Bd6 13. b5 Rc5 14. bxa6 O-O 15. Nb4 e5 16. Qb2 d4 17. Nd2 dxe3 18. fxe3 e4 19. Nb3 Be5 20. Nd4 Ng4 21. Qc1 Rc3 22. Be2 Nxe3 23. Nb5 Qc5 24. Ra2 Nxg2+ 25. Kf1 Bh3 26. Nxc3 {Schleich,T (1929)-Stierhof,M Bad Woerishofen GER 2023 0-1}) 12. Na4 Rc6 13. c3 e5 14. Qd1 O-O 15. Be2 Be6 16. h3 Ne4 17. O-O Ra8 18. c4 dxc4 19. Qc2 f5 20. Rac1 h6 21. Nd2 Nxd2 22. Qxd2 e4 23. Rfd1 Rd8 24. Kh1 Be7 25. Qc2 Rxd1+ 26. Rxd1 Qe5 27. Nc3 Bf6 28. Qa4 Qc7 29. b5 axb5 30. Nxb5 Qe7 31. Nd4 Rc8 32. Qb5 Bxd4 33. exd4 c3 34. d5 c2 35. Rc1 Qxa3 36. Rxc2 Rxc2 37. dxe6 Rc1+ 38. Bf1 Qd6 0-1

[Event "45th FIDE Chess Olympiad Open"]
[Site "Budapest, Hungary"]
[Date "2024.09.11"]
[Round "1.43"]
[White "Nader Obeid"]
[Black "Bartel, Mateusz"]
[Result "0-1"]
[WhiteElo "2083"]
[BlackElo "2618"]
[PlyCount "59"]
[EventDate "2024.??.??"]
[WhiteTeam "Sudan"]
[BlackTeam "Poland"]
[WhiteTeamCountry "SUD"]
[BlackTeamCountry "POL"]
[WhiteClock "0:30:30"]
[BlackClock "0:34:40"]

1. d4 Nf6 2. Bf4 c6 3. c3 ({RR} 3. e3 Qb6 4. Qc1 Nh5 5. Bg3 Nxg3 6. hxg3 g6 7. Nf3 Bg7 8. c3 d6 9. Nbd2 Nd7 10. Qc2 Qc7 11. Be2 e5 12. dxe5 Nxe5 13. Nxe5 dxe5 14. e4 O-O 15. O-O h5 16. a4 Bh6 17. Bc4 Bg4 {Esipenko,A (2609)-Antipov,M (2593) Sochi 2018 1-0 (45)}) 3... Qb6 ({RR} 3... d6 4. h3 g6 5. Nf3 Qb6 6. Qc1 Bg7 7. e3 O-O 8. Bd3 Nbd7 9. Nbd2 Re8 10. Bh2 e5 11. Qc2 c5 12. O-O Qc7 13. dxe5 dxe5 14. Rad1 b6 15. Bc4 Nf8 16. Ng5 Ne6 17. Nde4 h6 18. Nxf6+ {Kosakowski,J (2482)-Willy,S (1990) chess.com INT 2024 1-0 (37)}) 4. Qc2 d6 5. Nd2 Nh5 $146 ({RR} 5... g6 6. Ngf3 Bg7 7. e4 O-O 8. Bd3 Bg4 9. h3 Bxf3 10. Nxf3 Nfd7 11. e5 dxe5 12. Nxe5 Nxe5 13. Bxe5 Bxe5 14. dxe5 e6 15. O-O-O Rd8 16. h4 Nd7 17. f4 Qe3+ 18. Qd2 Qxd2+ 19. Rxd2 Nc5 20. Rhd1 {Cirrincione,P (1805)-Berger,S (1951) Stein am Rhein 2014 ½-½ (57)}) 6. Nc4 Qc7 7. Bd2 b5 8. Na3 a6 9. e3 Nf6 10. c4 Qb7 11. c5 dxc5 12. dxc5 g6 13. Bd3 Bg7 14. Ba5 O-O 15. Nf3 Bg4 16. Ne5 Nbd7 17. Nxg4 Nxg4 18. Rc1 f5 19. h3 Ngf6 20. O-O Nd5 21. Nb1 e6 22. Nc3 Rf7 23. Be2 Bf8 24. e4 Nf4 25. exf5 exf5 26. Rfe1 Nxc5 27. Bf1 Nce6 28. Rcd1 c5 29. g3 Ng5 30. Re3 0-1

[Event "45th FIDE Chess Olympiad Open"]
[Site "Budapest, Hungary"]
[Date "2024.09.11"]
[Round "1.44"]
[White "Gumularz, Szymon"]
[Black "Hamid Ibrahim"]
[Result "1-0"]
[WhiteElo "2571"]
[BlackElo "2090"]
[PlyCount "51"]
[EventDate "2024.??.??"]
[WhiteTeam "Poland"]
[BlackTeam "Sudan"]
[WhiteTeamCountry "POL"]
[BlackTeamCountry "SUD"]
[WhiteClock "0:50:50"]
[BlackClock "0:00:58"]

1. c4 g6 2. d4 Bg7 3. Nc3 c5 4. d5 d6 5. e4 Nf6 6. h3 O-O 7. Nf3 Na6 8. Bd3 Nc7 9. O-O a6 10. a4 Rb8 11. Re1 Nd7 ({RR} 11... e6 12. Bg5 h6 13. Be3 e5 14. Qd2 Kh7 15. Rab1 a5 16. Nh2 Nd7 17. b3 b6 18. Ne2 Ne8 19. Ng4 h5 20. Nh2 Nef6 21. Rf1 Ng8 22. Rbe1 Qe7 23. Nf3 Bh6 24. Ng5+ Kg7 25. Kh1 Ndf6 26. f4 {Van Wely,L (2685)-Telljohann,S (2400) Kuppenheim 2005 1-0 (64)}) ({RR} 11... e5 12. dxe6 Bxe6 13. Bf4 b5 14. cxb5 c4 15. Bf1 axb5 16. Bxd6 Re8 17. axb5 Rb6 18. e5 Nd7 19. Nd4 Qc8 20. f4 Qb7 21. Bxc7 Qxc7 22. Kh2 Nc5 23. Nxe6 Rbxe6 24. Nd5 Qb8 25. Bxc4 Kh8 26. Qf3 {Tsogtgerel,T-Batbileg,S (1834) Terelj MGL 2024 ½-½}) 12. Bf4 Ne5 13. Nxe5 dxe5 $146 ({RR} 13... Bxe5 14. Bxe5 dxe5 15. Rb1 a5 16. b3 Ne8 17. Qd2 f6 18. Rb2 Nd6 19. f4 Nf7 20. f5 Bd7 21. g4 g5 22. Ne2 Nd6 23. Kg2 Kg7 24. Rh1 Rh8 25. Rbb1 Qb6 26. Ng3 Rbg8 27. Qc3 Kf8 28. Bc2 {Fedorko,S (2153)-Zambor,N (2308) Slovakia 2008 ½-½ (66)}) ({RR} 13... Bxe5 14. Bxe5 dxe5 15. Qd2 Ne8 16. a5 Bd7 17. Na4 Bxa4 18. Rxa4 Qd6 19. b4 Nf6 20. f4 Nd7 21. fxe5 Nxe5 22. Bf1 Rfc8 23. bxc5 Rxc5 24. Qb4 Rbc8 25. Rb1 Nd7 26. Qe1 R5c7 27. Rab4 Qc5+ 28. Qf2 {Popovic,Z (2300)-Jurman,R (2152) Sarajevo 2017 0-1 (80)}) ({RR} 13... Bxe5 14. Bh6 Re8 15. Rb1 Bd7 16. f4 Bd4+ 17. Kh1 b5 18. cxb5 axb5 19. Ne2 Bh8 20. axb5 Bxb5 21. b4 Bxd3 22. Qxd3 Rxb4 23. Rxb4 cxb4 24. Rb1 e6 25. Bg5 f6 26. Bh4 exd5 27. exd5 Qe7 28. Ng1 {Wukits,R (2348)-Rumpl,E (2314) Austria 2014 0-1 (34)}) 14. Be3 Qd6 15. a5 Bd7 16. Na4 Bxa4 17. Qxa4 Rfc8 18. Red1 Ne8 19. b4 cxb4 20. Rac1 Nf6 21. c5 Qd7 22. Qxd7 Nxd7 23. c6 bxc6 24. dxc6 Nf6 25. Bxa6 Nxe4 26. c7 1-0

[Event "45th FIDE Chess Olympiad Open"]
[Site "Budapest, Hungary"]
[Date "2024.09.11"]
[Round "1.45"]
[White "Suleymanli, Aydin"]
[Black "Ahmad, Al Khatib"]
[Result "1-0"]
[WhiteElo "2632"]
[BlackElo "2302"]
[PlyCount "91"]
[EventDate "2024.??.??"]
[WhiteTeam "Azerbaijan"]
[BlackTeam "Jordan"]
[WhiteTeamCountry "AZE"]
[BlackTeamCountry "JOR"]
[WhiteClock "0:36:12"]
[BlackClock "0:01:42"]

1. e4 e5 2. Nf3 Nc6 3. Bb5 a6 4. Ba4 d6 5. O-O Bd7 6. c3 g6 7. d4 Bg7 8. h3 b5 9. Bc2 Nf6 10. Re1 O-O 11. Nbd2 Re8 12. Nf1 ({RR} 12. a3 Qc8 13. Nf1 Na5 14. b3 c5 15. d5 c4 16. b4 Nb3 17. Bxb3 cxb3 18. Qxb3 Ra7 19. Bg5 Nh5 20. Rac1 Nf4 21. Bxf4 exf4 22. c4 bxc4 23. Rxc4 Qd8 24. a4 g5 25. Nd4 Bxd4 26. Rxd4 Qf6 {Swiercz,D (2647)-Artemiev,V (2699) Chess.com INT 2021 ½-½ (54)}) 12... Nh5 ({RR} 12... Na5 13. Ng3 c5 14. d5 Nc4 15. a4 Nb6 16. a5 Nc4 17. b4 cxb4 18. cxb4 Rc8 19. Bd3 Qe7 20. Re2 Rc7 21. Rc2 Rec8 22. Raa2 Qf8 23. Bg5 Ne8 24. Nf1 Bh6 25. Bxc4 Rxc4 26. N1d2 Rxb4 27. Rxc8 {Ivic,V (2592)-Pichot,A (2647) chess.com INT 2024 0-1 (45)}) 13. Bg5 Qc8 $146 ({RR} 13... Qb8 14. Qd2 b4 15. d5 bxc3 16. bxc3 Na5 17. Rab1 Qc8 18. Bd3 Nb7 19. Be3 Nf4 20. Bxf4 exf4 21. c4 Nc5 22. Bc2 Qd8 23. Qxf4 Qf6 24. Qxf6 Bxf6 25. N1d2 a5 26. Re3 a4 27. Rbe1 Rab8 28. e5 {Hakobyan,A (2601)-Safarli,E (2597) Chess.com INT 2022 0-1 (53)}) 14. Qd2 Na5 15. b3 c5 16. dxe5 dxe5 17. Rad1 Be6 18. N1h2 Nc6 19. Be3 Bf8 20. Ng5 a5 21. Nxe6 Qxe6 22. Bd3 c4 23. bxc4 bxc4 24. Bf1 a4 25. Nf3 Na5 26. Qc2 a3 27. Rd5 Nf6 28. Rxe5 Qc6 29. Nd4 Qc7 30. Rxe8 Rxe8 31. Bg5 Nd7 32. Rb1 Nc5 33. Re1 Rb8 34. Bc1 Ncb3 35. Be3 Nxd4 36. Bxd4 Rb2 37. Qa4 Rxa2 38. e5 Rb2 39. e6 fxe6 40. Rxe6 Rb1 41. Re8 Kf7 42. Ra8 Be7 43. Qe8+ Ke6 44. Ra6+ Kf5 45. Qf7+ Kg5 46. Be3+ 1-0

[Event "45th FIDE Chess Olympiad Open"]
[Site "Budapest, Hungary"]
[Date "2024.09.11"]
[Round "1.46"]
[White "Loay, Sameer"]
[Black "Abasov, Nijat"]
[Result "0-1"]
[WhiteElo "2194"]
[BlackElo "2626"]
[PlyCount "100"]
[EventDate "2024.??.??"]
[WhiteTeam "Jordan"]
[BlackTeam "Azerbaijan"]
[WhiteTeamCountry "JOR"]
[BlackTeamCountry "AZE"]
[WhiteClock "0:25:11"]
[BlackClock "0:29:25"]

1. Nf3 c5 2. g3 Nc6 3. Bg2 e5 4. O-O d5 5. d3 Nf6 6. e4 d4 7. Na3 Bd6 8. Nc4 Bc7 9. a4 O-O 10. b3 ({RR} 10. Nh4 Rb8 11. Nf5 a6 12. f4 exf4 13. Bxf4 Bxf4 14. Rxf4 Bxf5 15. Rxf5 Nd7 16. e5 Qc7 17. Qh5 b5 18. axb5 axb5 19. Ra6 Ne7 20. Rg5 bxc4 21. Rh6 Ng6 22. Rgxg6 Qxe5 23. Rg5 Qe3+ 24. Kf1 Rxb2 {Naroditsky,D (2622)-Sjugirov,S (2665) Chess.com INT 2019 0-1 (37)}) ({RR} 10. Ne1 a6 11. f4 Rb8 12. f5 b5 13. Na3 Ne8 14. g4 f6 15. h4 Nd6 16. Rf3 c4 17. Rg3 Na5 18. g5 b4 19. gxf6 Rxf6 20. Nxc4 Naxc4 21. dxc4 h6 22. Qh5 Nxf5 23. exf5 e4 24. Rxg7+ Kxg7 {Deak-Sala,E (2053)-Standhartinger,J (1937) Linz AUT 2024 ½-½ (53)}) 10... Rb8 $146 ({RR} 10... Qe7 11. Bg5 h6 12. Bxf6 Qxf6 13. Qd2 Bg4 14. Ne1 Qe7 15. Kh1 Rab8 16. f4 f5 17. h3 Bh5 18. exf5 exf4 19. g4 Bf7 20. Nf3 Bxc4 21. bxc4 Qd6 22. Qf2 Rbe8 23. Nh4 Re3 24. Bd5+ Kh7 25. Nf3 {Goodman,J-Lang,J Swansea 1970 1-0 (38)}) ({RR} 10... a6 11. a5 h6 12. Bd2 Be6 13. Qc1 Rc8 14. Re1 Nd7 15. Re2 f5 16. exf5 Bxf5 17. Nh4 Bh7 18. Bd5+ Kh8 19. Bxh6 gxh6 20. Qxh6 Qf6 21. Qd2 Rce8 22. Rf1 Re7 23. Ng2 Bg8 24. Be4 Kg7 25. f4 {Braga Ubirani,D (2255)-Nascimento,J Rio de Janeiro 2014 0-1 (65)}) 11. Bd2 b6 12. Nh4 a6 13. Qe1 Re8 14. h3 Bd7 15. Nf5 b5 16. axb5 axb5 17. Na5 Nxa5 18. Bxa5 Ra8 19. Bd2 Re6 20. f4 Rea6 21. Rc1 exf4 22. Bxf4 Bxf5 23. Bxc7 Qxc7 24. Rxf5 Nd7 25. Qf2 Ne5 26. Rf1 Re8 27. b4 g6 28. Rf4 cxb4 29. Qxd4 Qxc2 30. Qd5 Qxd3 31. Qxd3 Nxd3 32. Rxf7 b3 33. Rd7 Ne5 34. Rb7 b2 35. Rxb5 Nc4 36. Rb1 Na3 37. R5xb2 Nxb1 38. Rxb1 Ra3 39. g4 Ra2 40. Re1 Kg7 41. Bf1 Kf6 42. Bb5 Re5 43. Bc4 Rc2 44. Bd5 Kg5 45. Rf1 Re7 46. Rf7 Rxf7 47. Bxf7 Kf4 48. Bg8 Rc8 49. Bd5 Kg3 50. Kf1 Kxh3 0-1

[Event "45th FIDE Chess Olympiad Open"]
[Site "Budapest, Hungary"]
[Date "2024.09.11"]
[Round "1.47"]
[White "Mamedov, Rauf"]
[Black "Saif, Malek"]
[Result "1-0"]
[WhiteElo "2637"]
[BlackElo "2162"]
[PlyCount "77"]
[EventDate "2024.??.??"]
[WhiteTeam "Azerbaijan"]
[BlackTeam "Jordan"]
[WhiteTeamCountry "AZE"]
[BlackTeamCountry "JOR"]
[WhiteClock "0:30:27"]
[BlackClock "0:01:33"]

1. e4 e5 2. Nf3 Nc6 3. Bb5 a6 4. Ba4 Nf6 5. Nc3 Bc5 6. O-O b5 7. Bb3 d6 8. Nd5 Bg4 ({RR} 8... O-O 9. c3 h6 10. d4 Ba7 11. h3 Rb8 12. Re1 Re8 13. Be3 Nxd5 14. Bxd5 exd4 15. cxd4 Ne7 16. Bb3 Ng6 17. Qc2 Bb6 18. Rac1 Qf6 19. e5 Qf5 20. exd6 cxd6 21. Qxf5 Bxf5 22. Bd5 Ne7 23. Bb3 {Dominguez Perez,L (2754)-Mamedyarov,S (2759) Zagreb 2022 1-0 (58)}) 9. c3 Ba7 $146 ({RR} 9... Nxe4 10. d4 Bxd4 11. cxd4 Nxd4 12. Re1 Bxf3 13. gxf3 Nxb3 14. axb3 Nc5 15. f4 f6 16. b4 Nd7 17. fxe5 fxe5 18. Qh5+ Kf8 19. Ra3 c6 20. Rf3+ Nf6 21. Rxf6+ gxf6 22. Bh6+ Kg8 23. Kh1 {1-0 (23) Mamedov,N (2624)-Bartel,M (2636) Bilbao 2014}) ({RR} 9... Rb8 10. d3 h6 11. Be3 Bxe3 12. Nxe3 Be6 13. Bc2 O-O 14. d4 Bd7 15. a3 Re8 16. d5 Ne7 17. b4 c6 18. c4 Qc7 19. Rc1 bxc4 20. dxc6 Bxc6 21. Nxc4 Red8 22. Re1 Qa7 23. Na5 Ba8 24. Nd2 {Groff,J (2034)-Zeneli,K (2231) chess.com INT 2024 0-1}) ({RR} 9... Qd7 10. h3 Nxd5 11. Bxd5 Bxf3 12. Qxf3 Rb8 13. Qg3 Kf8 14. Kh1 Ne7 15. Bb3 a5 16. f4 a4 17. Bc2 Nc6 18. b3 Ra8 19. bxa4 bxa4 20. Rb1 f6 21. Bd3 Qf7 22. Bb5 Nd8 23. fxe5 dxe5 24. Qd3 {Malinovsky,K (2448)-Biolek,R (2440) Czech Republic 2016 1-0 (38)}) ({RR} 9... Rb8 10. d3 h6 11. Ne3 Bxe3 12. fxe3 O-O 13. Qe1 Be6 {½-½ (13) Malinovsky,K (2447)-Biolek,R (2432) Czech Republic 2015}) 10. h3 Bh5 11. Nxf6+ gxf6 12. g4 Qd7 13. Nh4 Bg6 14. Qf3 Ke7 15. d3 h6 16. a4 b4 17. a5 Rag8 18. Be3 h5 19. g5 fxg5 20. Nxg6+ fxg6 21. Qf7+ Kd8 22. Qxd7+ Kxd7 23. Ba4 Bxe3 24. fxe3 Rg7 25. d4 bxc3 26. bxc3 g4 27. hxg4 hxg4 28. Kg2 Rh3 29. Rae1 exd4 30. cxd4 Re7 31. Rc1 Rxe3 32. Bxc6+ Ke6 33. Bb7 Rh7 34. Bc8+ Ke7 35. Rxc7+ Kd8 36. Rxh7 Re2+ 37. Kg1 Ke8 38. Bd7+ Kd8 39. Rf8+ 1-0

[Event "45th FIDE Chess Olympiad Open"]
[Site "Budapest, Hungary"]
[Date "2024.09.11"]
[Round "1.48"]
[White "Anas Khwaira"]
[Black "Mamedyarov, Shakhriyar"]
[Result "1/2-1/2"]
[WhiteElo "1994"]
[BlackElo "2733"]
[PlyCount "98"]
[EventDate "2024.??.??"]
[WhiteTeam "Jordan"]
[BlackTeam "Azerbaijan"]
[WhiteTeamCountry "JOR"]
[BlackTeamCountry "AZE"]
[WhiteClock "0:04:38"]
[BlackClock "0:28:50"]

1. d4 Nf6 2. c4 e6 3. Nc3 Bb4 4. a3 Bxc3+ 5. bxc3 Nc6 6. f3 d5 7. cxd5 exd5 8. e3 Bf5 9. Ne2 h5 10. Ng3 Bg6 11. Bd3 h4 12. Ne2 Bxd3 $146 ({RR} 12... Qd7 13. O-O Na5 14. Bxg6 fxg6 15. Nf4 g5 16. Ng6 Rg8 17. Ne5 Qe6 18. Qa4+ Nc6 19. Rb1 Nd7 20. Rxb7 Ncxe5 21. dxe5 h3 22. Rxc7 hxg2 23. Rd1 Rh8 24. Qg4 Qxg4 25. fxg4 Nxe5 26. Rxd5 Nxg4 27. Rxg5 {Ter Sahakyan,S (2649)-Zavgorodniy,S (2401) chess.com INT 2024 1-0 (32)}) 13. Qxd3 O-O 14. O-O Re8 15. Ra2 Na5 16. Nf4 c5 17. Re2 Nb3 18. Bb2 Qd6 19. Rfe1 cxd4 20. cxd4 Na5 21. Bc3 Nc4 22. Bb4 Qc6 23. e4 dxe4 24. fxe4 Rad8 25. Nd5 Nh5 26. Rc2 Rc8 27. Ne7+ Rxe7 28. Bxe7 Nf4 29. Qf1 Ng6 30. Bb4 b5 31. Rf2 Qd7 32. Bc5 a6 33. Qe2 h3 34. g3 Qe6 35. Qh5 Nce5 36. Ref1 Rc7 37. Qf5 Ng4 38. Qxe6 fxe6 39. Re2 Rc8 40. Bb4 Rd8 41. Bc5 Rc8 42. Rc1 Nf6 43. Kf2 Rc7 44. Ke1 Nh8 45. Kd2 Nf7 46. Kd3 Rd7 47. Kc3 Ng5 48. Rce1 Rc7 49. Kb4 Nf3 1/2-1/2

[Event "45th FIDE Chess Olympiad Open"]
[Site "Budapest, Hungary"]
[Date "2024.09.11"]
[Round "1.49"]
[White "Smith, Shreyas"]
[Black "Anton Guijarro, David"]
[Result "0-1"]
[WhiteElo "2226"]
[BlackElo "2665"]
[PlyCount "104"]
[EventDate "2024.??.??"]
[WhiteTeam "Jamaica"]
[BlackTeam "Spain"]
[WhiteTeamCountry "JAM"]
[BlackTeamCountry "ESP"]
[WhiteClock "0:15:33"]
[BlackClock "0:13:56"]

1. e4 c5 2. Nf3 Nc6 3. Bb5 e6 4. Bxc6 bxc6 5. d3 Ne7 6. Nh4 Ng6 7. Nxg6 hxg6 8. Qe2 ({RR} 8. c4 e5 9. Nc3 g5 10. Be3 d6 11. Qa4 Bd7 12. O-O-O g4 13. Qc2 Be7 14. Rdf1 g6 15. f4 gxf3 16. Rxf3 Bg4 17. Rf2 Be6 18. Qa4 Qd7 19. Qa6 Rb8 20. Qa4 f5 21. g3 Rh3 22. Re1 Kf7 {Bologan,V (2732)-Topalov,V (2752) Astana 2012 ½-½ (70)}) ({RR} 8. f4 Qh4+ 9. Kf1 g5 10. fxg5 Be7 11. Qe1 Bxg5 12. Qxh4 Bxh4 13. Bf4 d5 14. Nd2 Bf6 15. e5 Be7 16. Nf3 Ba6 17. Kf2 c4 18. d4 Rb8 19. Rab1 Kd7 20. h4 Rb5 21. g4 Rhb8 22. b3 Ra5 {Sviridov,V (2022)-Efremov,V (2279) Moscow RUS 2024 ½-½ (33)}) 8... d5 9. b3 $146 ({RR} 9. h3 Bd6 10. c4 dxc4 11. dxc4 Be5 12. Nd2 Bd4 13. Rb1 e5 14. Nf3 Bg4 15. O-O Qh4 16. b3 Qh5 17. Rd1 O-O-O 18. Be3 Bxf3 19. Qxf3 Qxf3 20. gxf3 Rxh3 21. Kg2 Rdh8 22. Rh1 Rxh1 23. Rxh1 Rxh1 {Timoshin,A (2132)-Iljin,T (2273) Chess.com INT 2020 0-1 (51)}) 9... a5 10. c4 a4 11. Bb2 d4 12. Nd2 Qa5 13. Rd1 g5 14. e5 f5 15. exf6 gxf6 16. Qf3 Kf7 17. Qxc6 Rb8 18. O-O Qd8 19. Qf3 Bb7 20. Qe2 Bd6 21. h3 Bc7 22. Rde1 Qd6 23. f4 gxf4 24. Ne4 Bxe4 25. Qxe4 axb3 26. axb3 Rxb3 27. Bc1 e5 28. Re2 Rb6 29. Ra2 Bb8 30. Ra5 Qc6 31. Qf5 Rg8 32. Qh5+ Rg6 33. Ra2 Kg7 34. Re2 Rg5 35. Qh4 Qd7 36. Rfe1 Qf5 37. g4 Qh7 38. Qxh7+ Kxh7 39. Kg2 Rb3 40. Rb2 Rxb2+ 41. Bxb2 Rg7 42. Ba3 Bd6 43. Rb1 Ra7 44. Rb3 Kg6 45. Kf3 Kg5 46. Bb2 Rh7 47. Kg2 f5 48. gxf5 Kxf5 49. Rb6 Be7 50. Rb7 e4 51. dxe4+ Kxe4 52. Ba3 d3 0-1